000 00608nam a22002177a 4500
003 UA-OsUOA
001 99803
007 ta
008 20130517b un ||||| |||| 00| 0 ukr d
090 _a821.163.2
_bС91
942 _cBK
040 _aUA-OsUOA
_bukr
_cUA-OsUOA
_dUA-OsUOA
245 _aСучасна болгарська повість
_cУпоряд. Захаржевської
300 _a480 с.
955 _a3
041 _aukr
080 _a821.163.2
260 _aК.
_bДніпро
_c1981
650 7 _a82 Література. Літературознавство
_2UDC
999 _c386014
_d386014